[Event "Saarland-ch B 87th"]
[Site "Voelklingen"]
[Date "2012.04.03"]
[Round "5"]
[White "Rohr, Christian"]
[Black "Maier, Gennadi"]
[Result "0-1"]
[WhiteElo "1500"]
[BlackElo "1578"]
[PlyCount "79"]
[EventDate "2012.03.30"]
[EventType "swiss"]
[EventRounds "6"]
[EventCountry "GER"]
[SourceTitle "EXT 2013"]
[Source "ChessBase"]
[SourceDate "2012.11.22"]
[SourceVersion "1"]
[SourceVersionDate "2012.11.22"]
[SourceQuality "1"]

1. e4 e5 2. Nf3 Nf6 3. Nxe5 d6 4. Nf3 Nxe4 5. d3 Nf6 6. Bg5 h6 7. Bh4 Be7 8. Nc3 Nc6 9. h3 Be6 10. Be2 Qd7 11. d4 Nd5 12. Nxd5 Bxd5 13. Bxe7 Qxe7 14. 0-0 0-0 15. Re1 Bxf3 16. Bxf3 Qd7 17. Bg4 Qd8 18. c3 Ne7 19. Qb3 Rb8 20. Re3 c6 21. c4 f5 22. Bh5 g6 23. Rae1 Rf7 24. Bf3 Kf8 25. Re6 Kg7 26. Qa3 Nc8 27. d5 c5 28. Qc3+ Rf6 29. Re8 Qd7 30. R1e6 Qf7 31. Qe3 Rxe6 32. Rxe6 b5 33. Qc3+ Kg8 34. b3 b4 35. Qe3 Kg7 36. Bh5 f4 37. Rxg6+ Qxg6 38. Qe8 Qxe8 39. Bxe8 Ne7 40. g3 0-1

[Event "Saarland-ch B 87th"]
[Site "Voelklingen"]
[Date "2012.03.30"]
[Round "1"]
[White "Maier, Gennadi"]
[Black "Weinmann, Helene"]
[Result "1-0"]
[WhiteElo "1578"]
[BlackElo "1681"]
[PlyCount "45"]
[EventDate "2012.03.30"]
[EventType "swiss"]
[EventRounds "6"]
[EventCountry "GER"]
[SourceTitle "EXT 2013"]
[Source "ChessBase"]
[SourceDate "2012.11.22"]
[SourceVersion "1"]
[SourceVersionDate "2012.11.22"]
[SourceQuality "1"]

1. Nf3 c5 2. g3 Nc6 3. Bg2 Nf6 4. 0-0 d5 5. d3 e5 6. e4 d4 7. a4 Be7 8. Na3 Be6 9. Nh4 Nxe4 10. Bxe4 Bxh4 11. gxh4 Qxh4 12. Qf3 Qg4+ 13. Qxg4 Bxg4 14. f4 f6 15. fxe5 fxe5 16. Nc4 Ke7 17. Bxc6 bxc6 18. Nxe5 Bd7 19. Bg5+ Ke6 20. Rae1 Rhe8 21. Nxd7+ Kxd7 22. Rf7+ Kd6 23. Bf4+ 1-0

[Event "Saarland-ch B"]
[Site "Schiffweiler"]
[Date "2009.04.11"]
[Round "9"]
[White "Schmitt, Carsten"]
[Black "Maier, Gennadi"]
[Result "1/2-1/2"]
[WhiteElo "1413"]
[BlackElo "1590"]
[PlyCount "122"]
[EventDate "2009.04.03"]
[EventType "swiss"]
[EventRounds "9"]
[EventCountry "GER"]
[SourceTitle "EXT 2012"]
[Source "ChessBase"]
[SourceDate "2011.11.24"]
[SourceVersion "1"]
[SourceVersionDate "2011.11.24"]
[SourceQuality "1"]

1. d4 d5 2. Nf3 Nf6 3. c4 c6 4. Nc3 e6 5. Bg5 Nbd7 6. a3 Be7 7. e3 Ne4 8. Nxe4 dxe4 9. Bxe7 Qxe7 10. Nd2 f5 11. c5 Nf6 12. Nc4 0-0 13. Qb3 Nd5 14. g3 g5 15. Bg2 h5 16. Qc2 Kg7 17. 0-0-0 b5 18. cxb6 axb6 19. Ne5 Bb7 20. Qe2 g4 21. h3 Ba6 22. Qd2 c5 23. dxc5 Qxc5+ 24. Qc2 Qxc2+ 25. Kxc2 Be2 26. Rc1 Rfc8+ 27. Kd2 Bb5 28. hxg4 hxg4 29. Bf1 Rxc1 30. Kxc1 Rc8+ 31. Kd2 Ba4 32. Nc4 b5 33. Na5 Rc2+ 34. Ke1 Rxb2 35. Rh2 b4 36. axb4 Rb1+ 37. Kd2 Rxf1 38. Nc4 Nxb4 39. Kc3 Nd5+ 40. Kb2 Bb5 41. Nd2 Re1 42. Nb3 Bc4 43. Nd4 Nb6 44. Kc3 Rc1+ 45. Kb2 Rf1 46. Kc3 Bd5 47. Kb4 Nc4 48. Kc5 Ne5 49. Nxf5+ exf5 50. Kxd5 Nd3 51. Ke6 Kg6 52. Rh8 Rxf2 53. Rg8+ Kh7 54. Rg5 Kh6 55. Kf6 Ne5 56. Rg8 Nd7+ 57. Ke7 Rf3 58. Kxd7 Rxg3 59. Ke6 Kh7 60. Rg5 Rxe3 61. Kxf5 g3 1/2-1/2

[Event "Saarland-ch B"]
[Site "Schiffweiler"]
[Date "2009.04.08"]
[Round "6"]
[White "Backes, Markus"]
[Black "Maier, Gennadi"]
[Result "0-1"]
[WhiteElo "1550"]
[BlackElo "1590"]
[PlyCount "140"]
[EventDate "2009.04.03"]
[EventType "swiss"]
[EventRounds "9"]
[EventCountry "GER"]
[SourceTitle "EXT 2012"]
[Source "ChessBase"]
[SourceDate "2011.11.24"]
[SourceVersion "1"]
[SourceVersionDate "2011.11.24"]
[SourceQuality "1"]

1. c4 b6 2. Nc3 e6 3. d4 Bb7 4. a3 Nf6 5. Bg5 Be7 6. e3 d5 7. Nf3 Ne4 8. Nxe4 dxe4 9. Bxe7 Qxe7 10. Ne5 Nd7 11. Qa4 f6 12. Nc6 Qd6 13. Nb4 0-0 14. Qd1 a5 15. Nc2 f5 16. Be2 Rad8 17. f4 exf3 18. Bxf3 Ba6 19. b3 Nf6 20. 0-0 g5 21. Be2 Ne4 22. c5 Bxe2 23. cxd6 Bxd1 24. dxc7 Bxc2 25. cxd8Q Rxd8 26. b4 a4 27. Rac1 Bb3 28. Rc6 b5 29. Rfc1 Kg7 30. Rc7+ Kg6 31. R1c6 h5 32. Re7 Kf6 33. Rcc7 Nd6 34. Rh7 f4 35. e4 g4 36. e5+ Kf5 37. exd6 Rxd6 38. Rxh5+ Kg6 39. Rxb5 Rxd4 40. Rc1 Kf6 41. Re1 Bd5 42. Rc5 Rd2 43. Rxd5 Rxd5 44. Rb1 Rb5 45. Kf2 e5 46. Rc1 Rd5 47. Rc3 Rd2+ 48. Kf1 Rb2 49. Kg1 Rb3 50. Rc6+ Kf5 51. b5 Rxb5 52. Ra6 g3 53. hxg3 fxg3 54. Kf1 Ke4 55. Rxa4+ Ke3 56. Rb4 Rd5 57. Rb3+ Kf4 58. Ke2 e4 59. Re3 Rb5 60. Rc3 Rb2+ 61. Kf1 Ra2 62. Rb3 Rf2+ 63. Kg1 Rd2 64. Kf1 Ra2 65. Rc3 e3 66. Rc4+ Ke5 67. Rc5+ Kd4 68. Rc1 Rf2+ 69. Kg1 Kd3 70. Rc5 e2 0-1

[Event "Saarland-ch B"]
[Site "Eppelborn"]
[Date "2008.03.14"]
[Round "1"]
[White "Maier, Gennadi"]
[Black "Gross, Hans Robert"]
[Result "0-1"]
[WhiteElo "1529"]
[BlackElo "1403"]
[PlyCount "136"]
[EventDate "2008.03.14"]
[EventType "swiss"]
[EventRounds "7"]
[EventCountry "GER"]
[SourceTitle "EXT 2010"]
[Source "ChessBase"]
[SourceDate "2010.11.25"]
[SourceVersion "1"]
[SourceVersionDate "2010.11.25"]
[SourceQuality "1"]

1. d4 d5 2. c4 Nf6 3. Nf3 c6 4. cxd5 cxd5 5. Nc3 e6 6. Bg5 Be7 7. e3 h6 8. Bh4 Nbd7 9. Bd3 0-0 10. Qc2 Re8 11. 0-0 Nf8 12. Rac1 a6 13. Qb3 b5 14. Ne5 Bd7 15. a3 N6h7 16. Bxe7 Qxe7 17. Bb1 Nf6 18. f4 N6h7 19. Rf3 f5 20. g4 fxg4 21. Nxg4 Rec8 22. Rg3 Kh8 23. Ne5 Be8 24. Rf1 Nf6 25. f5 Rc7 26. fxe6 Qxe6 27. Bf5 Qe7 28. Nxd5 Nxd5 29. Qxd5 Rd8 30. Qb3 Rd6 31. Qd3 Rf6 32. Rgf3 Bh5 33. R3f2 Bf7 34. Qe4 Qd6 35. Ng4 Re7 36. Qb1 Rxf5 37. Rxf5 Qg6 38. R5f4 Bd5 39. Qxg6 Nxg6 40. R4f2 Re4 41. h3 h5 42. Ne5 Nxe5 43. dxe5 Rxe3 44. Rf5 Rxh3 45. Rf8+ Kh7 46. Rd8 Rh1+ 47. Kf2 Rh2+ 48. Ke3 Rh3+ 49. Kf4 Bc4 50. Rf2 Be6 51. Rd6 Rh4+ 52. Ke3 Bc4 53. e6 Rh3+ 54. Kf4 Rh4+ 55. Ke5 Rh3 56. Rd4 Re3+ 57. Re4 Rxe4+ 58. Kxe4 Bxe6 59. Ke5 Bb3 60. Kf5 Kh6 61. Rg2 Bc4 62. Rg6+ Kh7 63. Kg5 h4 64. Rxa6 h3 65. Rd6 h2 66. Rd1 Bd5 67. Rxd5 h1Q 68. Rxb5 Qc1+ 0-1